000 00677nam a2200217Ia 4500
003 OSt
005 20220925202904.0
006 a|||||r|||| 00| 0
007 ta
008 220923b |||||||| |||| 00| 0 eng d
037 _cGeneral Book
040 _aRTL
_cRTL
_beng
041 _2eng
_aeng
245 0 _aInter-sectoral terms of trade and resource flows
260 _aDelhi
_bUniversity of Delhi
_c1992
300 _a285p Bibliography: P 262-85
_ccm.
490 _aUniversity of Delhi, Economics (Deptt. of-), Thesis. Thesis, University of Delhi, Economics (Deptt. of-
650 _aAgricultural Economics
942 _cGB
_2CC
999 _c544429
_d544429